|
|
|
|
| LEADER |
00899nab#a2200289#ar4500 |
| 001 |
000076982 |
| 003 |
SVKKK |
| 005 |
20060717xxxxxxx. |
| 008 |
06 c xo huno |
| FMT |
|
|
|
| 038 |
|
|
|a SVKKK
|
| 040 |
|
|
|a SVKKK
|b slo
|e AACR2
|
| 041 |
0 |
|
|a hun
|
| 044 |
|
|
|a xo
|c SK
|
| 080 |
|
|
|a 63:32
|
| 242 |
1 |
0 |
|a Menovanie hospodárskeho spravodajcu
|
| 245 |
0 |
0 |
|a Gazdasági tudósitói kinevezések
|
| 520 |
2 |
|
|a Správa o menovaní rímskokatolíckeho farára Viktora (Győző) Székeya za hospodárskeho spravodajcu za okres Snina.
|
| 650 |
0 |
4 |
|a Székey, Viktor (farár rímskokatolícky) - spravodajca hospodársky (funkcia) - menovanie úradné - rok 1908 - správy
|
| 773 |
0 |
|
|t Felső-Zemplén : Társadalmi hetilap
|g Roč. 13, č. 9 (27.02.1908) s. 3
|
| 957 |
|
|
|a Snina
|
| 958 |
|
|
|a DG
|
| 958 |
|
|
|a SK
|
| 974 |
|
|
|a Ba
|d 20060717
|
| 992 |
|
|
|a RBX
|
| BAS |
|
|
|
| 998 |
|
|
|a RETRO
|